LEADER 04985 am 22008653u 450 001 9910156519603321 005 20231012180837.0 010 $a3-319-45620-2 024 7 $a10.1007/978-3-319-45620-1 035 $a(CKB)3710000000926162 035 $a(DE-He213)978-3-319-45620-1 035 $a(MiAaPQ)EBC5610806 035 $a(Au-PeEL)EBL5610806 035 $a(OCoLC)1079003280 035 $a(MiAaPQ)EBC6422869 035 $a(Au-PeEL)EBL6422869 035 $a(oapen)https://directory.doabooks.org/handle/20.500.12854/37363 035 $a(PPN)196324629 035 $a(EXLCZ)993710000000926162 100 $a20161022d2016 u| 0 101 0 $aeng 135 $aurnn#008mamaa 181 $ctxt$2rdacontent 182 $cc$2rdamedia 183 $acr$2rdacarrier 200 10$aAiREAS: Sustainocracy for a Healthy City$b[electronic resource] $ePhase 3: Civilian Participation ? Including the Global Health Deal Proposition /$fedited by Jean-Paul Close 205 $a1st ed. 2016. 210 $aCham$cSpringer Nature$d2016 210 1$aCham :$cSpringer International Publishing :$cImprint: Springer,$d2016. 215 $a1 online resource (XXI, 158 p. 74 illus.) 225 1 $aSpringerBriefs on Case Studies of Sustainable Development,$x2196-7830 311 $a3-319-45619-9 327 $aIntroduction -- Foreword -- Chapter 1: Persuasive communication, by Jean-Paul Close, Jaap Ham -- Chapter 2: the AiREAS Proof of Principle - POP Relating air quality to health and lifestyle, by Jean-Paul Close, Nicolette Meeder, John Schmeitz -- Chapter 3: The backpack project, by Jean-Paul Close, Nicolette Meeder -- Chapter 4: New entrepreneurship, by John Schmeitz, Jean-Paul Close -- Chapter 5: Event linked communication, by Jean-Paul Close, Eric de Groot, Pierre Cluitmans -- Chapter 6: Multicultural context, by Jean-Paul Close, Rüstem Demir -- Chapter 7: Level 4 Sustainocratic regional development, by Jean-Paul Close. 330 $aThis volume describes phase 3 of the AiREAS multidisciplinary cocreation effort to produce a Healthy City. Phase 1 referred to making visible the invisible from an air quality and human exposure perspective. Phase 2 studies air quality related to health and Phase 3 looks at air quality, health and lifestyle from the perspective of persuasion to innovative change. The three books together describe the coming about and first results of the AiREAS "healthy city" cooperative in the city of Eindhoven and Province of North Brabant in the Netherlands. AiREAS is an initiative focused on the multidisciplinary co-creation of healthy cities using the core human value of human health and air quality as guiding principle for profound regional innovation. 410 0$aSpringerBriefs on Case Studies of Sustainable Development,$x2196-7830 606 $aDevelopment economics 606 $aAir pollution 606 $aSociology, Urban 606 $aWelfare economics 606 $aGroup theory 606 $aData mining 606 $aDevelopment Economics$3https://scigraph.springernature.com/ontologies/product-market-codes/W42000 606 $aAtmospheric Protection/Air Quality Control/Air Pollution$3https://scigraph.springernature.com/ontologies/product-market-codes/U35010 606 $aUrban Studies/Sociology$3https://scigraph.springernature.com/ontologies/product-market-codes/X22250 606 $aSocial Choice/Welfare Economics/Public Choice/Political Economy$3https://scigraph.springernature.com/ontologies/product-market-codes/W31020 606 $aGroup Theory and Generalizations$3https://scigraph.springernature.com/ontologies/product-market-codes/M11078 606 $aData Mining and Knowledge Discovery$3https://scigraph.springernature.com/ontologies/product-market-codes/I18030 610 $aDevelopment Economics 610 $aAtmospheric Protection / Air Quality Control / Air Pollution 610 $aUrban Studies/Sociology 610 $aSocial Choice/Welfare Economics/Public Choice 610 $aGroup Theory and Generalizations 610 $aData Mining and Knowledge Discovery 615 0$aDevelopment economics. 615 0$aAir pollution. 615 0$aSociology, Urban. 615 0$aWelfare economics. 615 0$aGroup theory. 615 0$aData mining. 615 14$aDevelopment Economics. 615 24$aAtmospheric Protection/Air Quality Control/Air Pollution. 615 24$aUrban Studies/Sociology. 615 24$aSocial Choice/Welfare Economics/Public Choice/Political Economy. 615 24$aGroup Theory and Generalizations. 615 24$aData Mining and Knowledge Discovery. 676 $a338.9 700 $aClose$b Jean-Paul$4auth$01355994 702 $aClose$b Jean-Paul$4edt$4http://id.loc.gov/vocabulary/relators/edt 801 0$bMiAaPQ 801 1$bMiAaPQ 801 2$bMiAaPQ 906 $aBOOK 912 $a9910156519603321 996 $aAiREAS: Sustainocracy for a Healthy City$93360214 997 $aUNINA LEADER 05468nam 22011173 450 001 9911046662003321 005 20250815015106.0 010 $a9781742698977 010 $a1742698972 035 $a(CKB)4900000000554889 035 $a(MiAaPQ)EBC6726317 035 $a(Au-PeEL)EBL6726317 035 $a(OCoLC)1276861393 035 $a(EXLCZ)994900000000554889 100 $a20250325d2022 uy 0 101 0 $aeng 135 $aurcnu|||||||| 181 $ctxt$2rdacontent 182 $cc$2rdamedia 183 $acr$2rdacarrier 200 12$aA Bloody Good Rant $eMy Passions, Memories and Demons 205 $a1st ed. 210 1$aSydney :$cAllen & Unwin,$d2022. 210 4$dİ2021. 215 $a1 online resource (401 pages) 311 08$a9781743311578 311 08$a1743311575 327 $aCover -- About the Author -- Title page -- Copyright -- Dedication -- Contents -- Author's note -- Commonwealth -- The ancient crowd: my hero (ancestor) -- Enigmas: history/myth story -- Two thousand generations -- The great Australian unease -- Enigmas: any mug can write a novel -- The climate and things around: selling them, buying them -- The shock of the global -- Enigmas: third phase, grandparency -- Mephistopheles and the boys from the CIA -- Women of Australia -- Fracking for the market -- The climate business: flames -- 'Unnatural males' and me -- And who is this Adam Smith bloke? -- The Yartz, god bless 'em -- Enigmas: the greatest scandal -- The CIA man I knew, and associated questions -- Enigmas: death, the cosmic 'ouch!' -- Our monarchical republic -- The people of the human god -- Enigmas: the presence/absence -- The reffos go multicultural -- Weeping for SIEV X -- Two sides of Australia: living in Chinese exile/being a Hajji -- That old chestnut: what is an Australian? -- Postscript: a new name, COVID-19 -- Notes -- Index. 330 $a"Thomas Keneally has been observing, reflecting on and writing about Australia and the human condition for well over fifty years. In this deeply personal, passionately drawn and richly tuned collection he draws on a lifetime of engagement with the great issues of our recent history and his own moments of discovery and understanding. He writes with unbounded joy of being a grandparent, and with intimacy and insight about the prospect of death and the meaning of faith. He is outraged about the treatment of Indigenous Australians and refugees, and argues fiercely against market economics and the cowardice of climate change deniers. And he introduces us to some of the people, both great and small, who have dappled his life"--Publisher's description. 517 $aBloody Good Rant 606 $aAuthors, Australian$y20th century$vBiography 606 $aGrandfathers$zAustralia$vBiography 606 $aFaith 606 $aDeath 606 $aRefugees$zAustralia 606 $aRepublicanism$zAustralia 606 $aClimatic changes$zAustralia 606 $aAboriginal Australians, Treatment of 606 $aAboriginal Australians, Treatment of$2fast$3(OCoLC)fst01743348 606 $aAuthors, Australian$2fast$3(OCoLC)fst00821807 606 $aCivilization$2fast$3(OCoLC)fst00862898 606 $aClimatic changes$2fast$3(OCoLC)fst00864229 606 $aDeath$2fast$3(OCoLC)fst00888613 606 $aEconomic history$2fast$3(OCoLC)fst00901974 606 $aFaith$2fast$3(OCoLC)fst01198492 606 $aGrandfathers$2fast$3(OCoLC)fst00946347 606 $aManners and customs$2fast$3(OCoLC)fst01007815 606 $aPolitics and government$2fast$3(OCoLC)fst01919741 606 $aRefugees$2fast$3(OCoLC)fst01092797 606 $aRepublicanism$2fast$3(OCoLC)fst01095066 606 $aHistory - Biographies - Non-Indigenous$2aiatsiss 607 $aAustralia$xHistory$y20th century 607 $aAustralia$xHistory$y21st century 607 $aAustralia$xCivilization$y20th century 607 $aAustralia$xCivilization$y21st century 607 $aAustralia$xPolitics and government$y20th century 607 $aAustralia$xPolitics and government$y21st century 607 $aAustralia$xSocial life and customs$y20th century 607 $aAustralia$xSocial life and customs$y21st century 607 $aAustralia$xEconomic conditions$y20th century 607 $aAustralia$xEconomic conditions$y21st century 607 $aAustralia$2fast 608 $aAnecdotes.$2fast 608 $aBiographies.$2fast 608 $aHistory.$2fast 608 $aAnecdotes.$2lcgft 615 0$aAuthors, Australian 615 0$aGrandfathers 615 0$aFaith. 615 0$aDeath. 615 0$aRefugees 615 0$aRepublicanism 615 0$aClimatic changes 615 0$aAboriginal Australians, Treatment of. 615 7$aAboriginal Australians, Treatment of. 615 7$aAuthors, Australian. 615 7$aCivilization. 615 7$aClimatic changes. 615 7$aDeath. 615 7$aEconomic history. 615 7$aFaith. 615 7$aGrandfathers. 615 7$aManners and customs. 615 7$aPolitics and government. 615 7$aRefugees. 615 7$aRepublicanism. 615 7$aHistory - Biographies - Non-Indigenous. 676 $a994 700 $aKeneally$b Thomas$0167688 801 0$bMiAaPQ 801 1$bMiAaPQ 801 2$bMiAaPQ 906 $aBOOK 912 $a9911046662003321 996 $aA Bloody Good Rant$94477392 997 $aUNINA